La antítesis de la paz

Saved in:
Bibliografiske detaljer
Hovedforfatter: Batista, Juan (Author)
Format: Bog
Sprog:spansk
Udgivet: Madrid San Martín 1981
Fag:
Tags: Tilføj Tag
Ingen Tags, Vær først til at tagge denne postø!

MARC

LEADER 00000nam a2200000 a 4500
001 UCP6673
003 CL-VaPUC
008 991112e19810000SP |||||||||||||||||spa|d
082 0 4 |a 303.625  |b BAT  |2 21 
100 0 |a Batista, Juan  |e author  |9 435896 
245 1 3 |a La antítesis de la paz 
300 |a 295 p 
942 |c BK 
945 |d 19991112 00:00:00  |a crobeson 
260 |a Madrid  |b San Martín  |c 1981 
650 0 |a Terrorismo   |9 255070 
650 0 |a Fuerzas Armadas  |9 255504 
650 0 |a Violencia política   |9 321520 
583 |a last modification  |c 19991112 00:00:00  |k Rodrigo Vera 
999 |c 284144  |d 284142 
952 |0 0  |1 0  |4 0  |6 303_625000000000000_BAT_1981  |7 0  |8 A  |9 327913  |a BIBHIS  |b BIBHIS  |d 2019-11-20  |i 1371274  |o 303.625 BAT 1981  |p 1371274  |r 2025-01-20  |w 2019-11-20  |y BK  |k HIS